02240nam a2200265 a 4500001001000000003000600010005001700016008004100033040002500074082001800099111008700117245025200204260006500456300002700521505079900548500004601347500013501393504007401528600005001602650007301652610006101725700002501786710006301811740010001874000008689OCoLC20200929161402.0090907s1967 it cg r 001 0 spa d aDO-SdBNPbspacBNPHU a232.91bC749m2 aCongressus Mariologici - Mariani (d1965 :cSanto Domingo, República Dominicana)10aMaría in sacra scriptura :bacta congressus Mariologici - Mariani in República Dominicana anno 1965 celebrati.pmemoria del congreso Mariológico - Mariano Internacional de Santo Domingo ( 17 - 25 marzo 1965) /cpraefatio P. Carolus Baliâc. aRomae :bPontificia Academia Mariana Internationalis,c1967. av. :bretrs. ;c24 cm.2 aPrefatio -- Contenido del presente volumen -- Los Congresos Marianos y Mariológicos internacionales -- El consejo central permanente de los congresos Marianos y Mariológicos internacionales -- Junta de honor del XI congreso Marianos y Mariológicos internacionales de Santo Domingo -- Primera parte. Crónica de los congresos -- Preparación de los congresos -- Celebración de los congresos -- Segunda parte. Documentos pontíficios, episcopales, de la Ponâtíficia Academia Mariana Internacional y otros documentos -- Documentos pontíficios -- Documentos episcopales -- Documentos de la pontíficia Academia Mariana Internacional -- Otros documentos -- Tercera parte. Ponencias presentadas en el congreso Mariano -- Índices -- Índice onomástico -- Índice sistemático. aTexto en español y prefacio en latín. aLa biblioteca posee el volumen 1. Memoria del congreso Mariológico - Mariano internacional de Santo Domingo (17 - 25 marzo 1965) aIncluye referencias bibliográficas y notas al pie de las páginas.14aVIRGEN MARÍAxCONGRESOS, CONFERENCIAS, ETC. 4aBibliaxCrítica e interpretación.xCongresos, conferencias, etc.24aACADEMIA MARIANA INTERNACIONALxDOCUMENTOS PONTÍFICIOS12aBaliâc, P. Carolus1 aPontificia Adacemia Mariana Internationalis (Roma, Italia)0 aMemoria del Congreso Mariológico - Mariano Internacional de Santo Domingo (17-25 marzo 1965).